MMA FIGHTERS - Statistics

General Stats
  • This quiz has been taken 41 times
    36 since last reset
  • The average score is 49 of 500
Answer Stats
Hint Answer % Correct
ufc jon jones
72%
ufc khabib nurmagomedov
62%
ufc conor mcgregor
55%
ufc charles oliveira
48%
ufc ilia topuria
48%
ufc max holloway
48%
ufc umar nurmagomedov
48%
ufc khamzat chimaev
41%
boxer roy jones jr
41%
ufc alex oliveira
38%
ufc anderson silva
38%
strikeforce antonio silva
38%
ufc cung le
38%
ufc daniel cormier
38%
ufc dustin poirier
38%
ufc erick silva
38%
ufc georges st-pierre
38%
ufc islam makhachev
38%
ufc jean silva
38%
pride paulo cesar da silva
38%
ufc sean strickland
38%
ufc thiago silva
38%
pride wanderlei silva
38%
ufc alexander volkanovski
34%
RAF arman tsarukyan
34%
ufc israel adesanya
34%
ufc justin gaethje
34%
ufc petr yan
34%
ufc tom aspinall
34%
ufc alexandre pantoja
31%
ONE fc demetrious johnson
31%
ufc kamaru usman
31%
bellator king mo
31%
ufc merab dvalishvili
31%
ufc nate diaz
31%
ufc nick diaz
31%
ufc paddy pimblett
31%
ufc sean o malley
31%
ufc benoit saint denis
28%
ufc ciryl gane
28%
ufc derrick lewis
28%
ufc diego lopes
28%
PFL francis ngannou
28%
ufc jack della maddalena
28%
ufc michel pereira
28%
ufc quinton jackson
28%
pride rickson gracie
28%
ufc Royce Gracie
28%
ufc anthony johnson
24%
wwe brock lesnar
24%
pride daniel gracie
24%
ufc dricus du plessis
24%
ufc jose aldo
24%
ufc joshua van
24%
ufc kevin jackson
24%
ufc kron gracie
24%
ufc leon edwards
24%
ufc magomed ankalaev
24%
bellator michael chandler
24%
Bellator michael johnson
24%
boxer mike tyson
24%
pride ralph gracie
24%
pride renzo gracie
24%
pride rodrigo gracie
24%
ufc royler gracie
24%
pride ryan gracie
24%
ufc stipe miocic
24%
bellator timothy johnson
24%
ufc beneil dariush
21%
ufc BJ Penn
21%
ufc dan hooker
21%
ufc frank mir
21%
boxer muhammad ali
21%
ufc rashad evans
21%
ufc renato moicano
21%
K-1 alistair overeem
17%
ufc aljamain sterling
17%
ufc amanda nunes
17%
boxer anthony joshua
17%
ufc cain velasquez
17%
ufc chuck liddell
17%
ufc dan henderson
17%
ufc dominick cruz
17%
ufc dominick reyes
17%
ufc ian machado garry
17%
ufc jiri prochazka
17%
ufc joe son
17%
ufc kevin lee
17%
ufc lyoto machida
17%
ufc mauricio ruffy
17%
ufc michael bisping
17%
ufc michael page
17%
pride mirko cro cop
17%
ufc nassourdine imavov
17%
ufc rafael fiziev
17%
ufc randy couture
17%
ufc robert whittaker
17%
ufc ronda rousey
17%
ufc tony ferguson
17%
pride valentijn overeem
17%
ufc alexander gustafsson
14%
ufc alexander volkov
14%
ufc anthony pettis
14%
ufc anthony smith
14%
ufc belal muhammad
14%
Strikeforc benson henderson
14%
ufc brian ortega
14%
boxer canelo alvarez
14%
ufc carlos prates
14%
ufc colby covington
14%
ufc curtis blaydes
14%
ufc donald cerrone
14%
ufc don frye
14%
boxer evander holyfield
14%
ufc fabricio werdum
14%
pride fedor emelianenko
14%
boxer floyd mayweather
14%
ufc forrest griffin
14%
ufc frankie edgar
14%
ufc junior dos santos
14%
pancrase ken shamrock
14%
ufc kevin randleman
14%
ufc leslie smith
14%
ufc mark coleman
14%
ufc matt hughes
14%
ufc maurice smith
14%
pride mauricio rua
14%
ufc michael macdonald
14%
ufc movsar evloev
14%
pride murillo rua
14%
ufc patrick smith
14%
ufc rafael dos anjos
14%
ufc ricco rodriguez
14%
ufc robbie lawler
14%
ufc rory macdonald
14%
ufc shavkat rakhmonov
14%
ufc tito ortiz
14%
ufc T J Dillashaw
14%
boxer tyson fury
14%
ufc tyson griffin
14%
wec urijah faber
14%
ufc vitor belfort
14%
ufc yair rodriguez
14%
pride antonio rodrigo nogueira
10%
pancrase bas rutten
10%
ONE FC ben askren
10%
RAF bo nickal
10%
ufc brandon moreno
10%
ufc carlos ulberg
10%
ufc chael sonnen
10%
Strikeforce chris cyborg
10%
ufc chris weidman
10%
ufc cody garbrandt
10%
ufc corey sandhagen
10%
ufc cub swanson
10%
pride enson inoue
10%
ufc frank shamrock
10%
boxer george foreman
10%
ufc henry cejudo
10%
ufc holly holm
10%
ufc houston alexander
10%
pride james thompson
10%
ufc jan blachowicz
10%
ufc jared cannonier
10%
ufc joaquin buckley
10%
ufc johnny walker
10%
street jorge masvidal
10%
ufc josh hokit
10%
ufc khalil rountree jr
10%
ufc lerone murphy
10%
ufc mackenzie dern
10%
ufc mark kerr
10%
ufc mateusz gamrot
10%
ufc matt serra
10%
ufc miesha tate
10%
ufc rose namajunas
10%
uc ryan hall
10%
ufc sergio pettis
10%
ufc stephen thompson
10%
ufc tallison teixeira
10%
ufc tim sylvia
10%
ufc tyron woodley
10%
ufc uriah hall
10%
ufc valentina shevchenko
10%
kfc valter walker
10%
ufc yoel romero
10%
ufc zabit magomedsharipov
10%
ufc zhang weili
10%
pride aleksander emelianenko
7%
ufc alexa grasso
7%
ufc alexis davis
7%
ufc andrei arlovski
7%
INVICTA anthony hernandez
7%
pride antonio rogerio nogueira
7%
ufc ben saunders
7%
ufc bobby green
7%
pride bob sapp
7%
ufc brandon royval
7%
ufc brandon vera
7%
NFL brendan schaub
7%
boxer butterbean
7%
ufc cat zingano
7%
ufc chad mendes
7%
ufc chan sung jung
7%
ufc chris leben
7%
ufc corey anderson
7%
ufc darren till
7%
ufc david abbott
7%
ufc deiveson figueiredo
7%
ufc demian maia
7%
ufc derek brunson
7%
ufc diego sanchez
7%
ufc eddie sanchez
7%
ufc edson barboza
7%
K-1 ernesto hoost
7%
ufc frank trigg
7%
ufc gary goodridge
7%
ufc gegard mousasi
7%
ufc germaine de randamie
7%
ufc gray maynard
7%
ufc gunnar nelson
7%
pride igor vovchanchyn
7%
boxer jake paul
7%
ufc jamahal hill
7%
ufc jared gordon
7%
ufc jason miller
7%
ufc jens pulver
7%
K-1 jerome le banner
7%
ufc jim miller
7%
ufc joanna jedrzejczyk
7%
ufc john dodson
7%
ufc johny hendricks
7%
ufc josh emmett
7%
ufc kayla harrison
7%
pride kazushi sakuraba
7%
ufc luke rockhold
7%
ufc manel kape
7%
ufc marcus davis
7%
K-1 mark hunt
7%
ufc marlon moraes
7%
ufc marlon vera
7%
ufc matt brown
7%
ufc matt hamill
7%
BKFC mike perry
7%
boxer olexander usyk
7%
ufc ovince saint preux
7%
ufc patricio pitbull
7%
K-1 peter aerts
7%
ufc phil davis
7%
ufc quillan salkilld
7%
ufc raquel pennington
7%
ufc ray borg
7%
boxer ray robinson
7%
ufc renan barao
7%
ufc roy nelson
7%
bellator ryan bader
7%
ufc sergei pavlovich
7%
ufc stephan bonnar
7%
ufc steve erceg
7%
boxer terrence crawford
7%
ufc terry martin
7%
ufc thiago santos
7%
ufc virna jandiroba
7%
ufc waldo cortes acosta
7%
ufc walt harris
7%
ufc alex perez
3%
ufc al laquinta
3%
ufc andre gusmao
3%
ufc antoni hardonk
3%
K-1 badr hari
3%
ufc ben rothwell
3%
ufc bethe correia
3%
strikeforce bobby lashley
3%
ufc brad kohler
3%
strikeforce brett rogers
3%
ufc brian johnston
3%
ufc brian stann
3%
ufc caol uno
3%
ufc carlos condit
3%
ufc carlos newton
3%
pride charles bennett
3%
ufc cheick kongo
3%
ufc chris barnett
3%
Cage Rage chuck parmlee
3%
WWE CM Punk
3%
ufc dan hardy
3%
ufc dan ige
3%
ufc dan kelly
3%
ufc danny castillo
3%
ufc dan severn
3%
ufc dave menne
3%
ufc diego brandao
3%
Strikeforce douglas lima
3%
ufc drew mcfederies
3%
ufc ed herman
3%
ufc erin blanchfield
3%
ufc gabriel gonzaga
3%
ufc gan mcgee
3%
ufc gerard gordeau
3%
ufc gilbert burns
3%
Strikeforce gilbert melendez
3%
pride gilbert yvel
3%
Strikeforce gina carano
3%
NFL greg hardy
3%
pride guy mezger
3%
ufc heath herring
3%
ufc hermes franca
3%
ufc ian freeman
3%
ufc ilir latifi
3%
ufc jack hermansson
3%
ufc jailton almeida
3%
ufc jairzinho rozenstruik
3%
ufc jake ellenberger
3%
ufc james irvin
3%
Boxer james toney
3%
ufc james vick
3%
ufc jeremy horn
3%
ufc jerry bohlander
3%
rambler jerry reed
3%
ufc jessica andrade
3%
ufc jimi manuwa
3%
ufc joe lauzon
3%
ufc joe pyfer
3%
ufc joe soto
3%
ufc joe stevenson
3%
ufc john lober
3%
ufc joseph benavidez
3%
ufc joseph duffy
3%
ufc josh barnett
3%
ufc josh koscheck
3%
ufc josh thomson
3%
ufc junior tafa
3%
ufc justin eilers
3%
ufc justin mcCully
3%
ufc justin tafa
3%
ufc kai kara france
3%
ufc karo parisyan
3%
pride kazuyuki fujita
3%
ufc Keith hackney
3%
ufc keith jardine
3%
ufc kelvin gastelum
3%
ufc kevin holland
3%
street kimbo slice
3%
ufc krzysztof soszynski
3%
ufc liz carmouche
3%
ufc marcin tybura
3%
ufc marco ruas
3%
ufc mark godbeer
3%
ufc marvin eastman
3%
ufc marvin vettori
3%
strikeforce matt lindland
3%
NFL matt mitrione
3%
ufc melvin guillard
3%
ufc mickey gall
3%
ufc nate marquardt
3%
ufc nate quarry
3%
ufc nick thomson
3%
ufc niko price
3%
ufc oleg taktarov
3%
ufc pat barry
3%
ufc pat miletich
3%
ufc paul buentello
3%
ufc paul daley
3%
ufc paulo costa
3%
ufc paul varelans
3%
ufc pedro rizzo
3%
ufc pete williams
3%
ufc phil baroni
3%
ufc rafael cavalcante
3%
ufc raul rosas jr
3%
ufc reiner de ridder
3%
ufc renato sobral
3%
pride ricardo arona
3%
ufc rich franklin
3%
ufc rob font
3%
ufc ronaldo souza
3%
ufc ron waterman
3%
ufc sage northcutt
3%
ufc samil gaziev
3%
ufc sam stout
3%
ufc santiago ponzinibbio
3%
ufc sara mcmann
3%
ufc scott ferrozzo
3%
Sreet sean gannon
3%
ufc sean salmon
3%
ufc sean sherk
3%
K-1 semmy schilt
3%
pride sergei kharitonov
3%
ufc shane carwin
3%
ufc shonie carter
3%
boxer sonny liston
3%
ufc spencer fisher
3%
ufc stefan struve
3%
ufc steve jennum
3%
ufc tai tuivasa
3%
Pride takanori gomi
3%
ufc tatiana suarez
3%
ufc thales leites
3%
ufc thiago alves
3%
ufc tim boetsch
3%
ufc todd duffee
3%
boxer tommy morrison
3%
ufc tracy cortez
3%
pride tra tellingman
3%
ufc travis browne
3%
ufc vernon white
3%
ufc volkan oezdemir
3%
ufc wesley correira
3%
ufc yushin okami
3%
ufc aaron pico
0%
ufc alan belcher
0%
ufc aleksandar rakic
0%
ufc aleksei oleninkik
0%
pride allan goes
0%
pancrase antonio inoki
0%
ufc bryce mitchell
0%
ufc caio borralo
0%
ufc calvin kattar
0%
ufc carla esparza
0%
ufc chris daukauss
0%
ufc chris lytle
0%
ufc clay guida
0%
ufc cody mackenzie
0%
Bellator cole konrad
0%
ufc dan bobish
0%
ufc david branch
0%
ufc dennis hallman
0%
ufc dennis siver
0%
bellator dillian danis
0%
ufc eddie wineland
0%
boxer ernie shavers
0%
ufc evan tanner
0%
ufc glover tiexeira
0%
K-1 gokhan saki
0%
Bellator hector lombard
0%
pride hidehiko yoshida
0%
pride hugo duarte
0%
ufc ian mccall
0%
ufc ikuhisa minowa
0%
ufc jacob malkoun
0%
ufc jake matthews
0%
ufc jake shields
0%
ufc jalin turner
0%
ufc jeff monson
0%
ufc jeremy stephens
0%
ufc jessica aguilar
0%
ufc jessica eye
0%
ufc joe riggs
0%
ufc john lineiker
0%
ufc jon fitch
0%
ufc julianna pena
0%
ufc karolina kowalkiewicz
0%
pride kazuhiro nakamura
0%
ufc kenny florian
0%
ufc kimo leopoldo
0%
ufc krzysztof jokto
0%
ufc li jingliang
0%
ufc louis smolka
0%
ufc mac danzig
0%
ufc mark bocek
0%
ufc martin kampmann
0%
ufc matt frevola
0%
ufc matthew riddle
0%
ufc michael chiesa
0%
ufc mike pierce
0%
ufc mike pyle
0%
ufc mike swick
0%
ufc murilo bustamante
0%
ufc nikita krylov
0%
ufc paige VanZant
0%
bellator patchy mix
0%
ufc pat healy
0%
ufc patrick cote
0%
ufc paul craig
0%
UFC | ufc paul felder
0%
ufc payton talbott
0%
ufc pedro munhoz
0%
ufc pete sell
0%
ufc rick story
0%
boxer rocky mariciano
0%
ufc roger huerta
0%
bellator rulon gardner
0%
ufc sam alvey
0%
ufc serghei spivac
0%
Elite XC seth petruzelli
0%
pride sokoudjou
0%
ufc steve jennum
0%
ufc tim elliot
0%
ufc tin hague
0%
ufc tin kennedy
0%
ufc tom breese
0%
ufc tonya evinger
0%
ufc travis fulton
0%
ufc travis lutter
0%
K-1 tyrone spong
0%
ufc wallid ismail
0%
ufc will brooks
0%
ufc wilson gouveia
0%
No matching quizzes found
Score Distribution
Percent of People with Each Score
Percentile by Number Answered
Your Score History
You have not taken this quiz since the last reset